000 00641nam a2200229Ia 4500
003 OSt
005 20221007064352.0
006 a|||||r|||| 00| 0
007 ta
008 221006b |||||||| |||| 00| 0 eng d
024 _a17,356
037 _cTextual
040 _aFLL
_cFLL
_beng
041 _2eng
_aeng
082 _aXM55:Z2y73, L1
100 _aJain P.D. Au.
_9685706
245 0 _aDigest of company law cases under the companies act,1956
260 _aDelhi
_bCentral law agency India
_c1971
300 _aliv,255p
_ccm.
942 _hXM55:Z2y73, L1
_cTEXL
_2CC
999 _c1133819
_d1133819